Dân tộc học đại cương /
Tallennettuna:
| Päätekijä: | |
|---|---|
| Muut tekijät: | , |
| Aineistotyyppi: | Sách giấy |
| Kieli: | Vietnamese |
| Julkaistu: |
Hà Nội :
Giáo dục ,
1998
|
| Tagit: |
Lisää tagi
Ei tageja, Lisää ensimmäinen tagi!
|
| Thư viện lưu trữ: | Thư viện Trường Đại học Đà Lạt |
|---|
| LEADER | 00720nam a2200277 4500 | ||
|---|---|---|---|
| 001 | DLU020013081 | ||
| 005 | ##6/6/2000 | ||
| 020 | # | # | |a 978- |
| 041 | # | # | |a vie |
| 082 | # | # | |a 305.8 |b DA-V |
| 090 | # | # | |a 305.8 |b DA-V |
| 100 | # | # | |a Đặng Nghiêm Vạn |
| 245 | # | # | |a Dân tộc học đại cương / |c Đặng Nghiêm Vạn, Đặng Nghiêm Vạn, Ngô Văn Lệ, Nguyễn Văn Tiệp |
| 260 | # | # | |a Hà Nội : |b Giáo dục , |c 1998 |
| 300 | # | # | |a 256 tr.; |c 21 cm. |
| 700 | # | # | |a Ngô Văn Lệ |
| 700 | # | # | |a Nguyễn Văn Tiệp |
| 992 | # | # | |a 13500 |
| 994 | # | # | |a DLU |
| 900 | # | # | |a False |
| 911 | # | # | |a Administrator |
| 925 | # | # | |a G |
| 926 | # | # | |a A |
| 927 | # | # | |a SH |
| 980 | # | # | |a Thư viện Trường Đại học Đà Lạt |